100 największych miast w Czechach na mapie - Statystyki

Ogólne statystyki
  • Ten quiz został rozwiązany 205 razy
  • Średni wynik to 18 z 100
Odpowiedzi na mapie
Odpowiedzi zakodowano w zielono-czerwonej skali na mapie do tego quizu, zgodnie z poniższymi procentami.
 
Statystyki odpowiedzi
Miasto Kraj Liczba ludności % Poprawnych
Praga Praga 1,397,880
98%
Ostrawa Morawsko-śląski 283,187
89%
Brno Południowomorawski 402,739
87%
Liberec Liberecki 108,09
76%
Ołomuniec Ołomuniecki 103,063
73%
Pilzno Pilzneński 187,928
72%
Hradec Kralove Hradecki 94,311
62%
Pardubice Pardubicki 92,319
59%
Zlin Zliński 74,684
51%
Czeskie Budziejowice Południowoczeski 97,231
48%
Czeski Cieszyn Morawsko-śląski 23,075
43%
Karlowe Wary Karlowarski 49,073
42%
Uście nad Łabą Ustecki 90,866
41%
Karwina Morawsko-śląski 48,937
38%
Opawa Morawsko-śląski 55,109
38%
Frydek-Mistek Morawsko-śląski 53,590
34%
Bogumin Morawsko-śląski 20,315
33%
Mladá Boleslav Środkowoczeski 47,346
31%
Igława Wysoczyzna 54,624
26%
Most Ustecki 63,474
24%
Náchod Hradecki 19,827
24%
Hawierzow Morawsko-śląski 68,674
22%
Trutnov Hradecki 29,607
20%
Trzyniec Morawsko-śląski 33,852
20%
Cheb Karlowarski 32,808
19%
Kladno Środkowoczeski 69,664
19%
Brzecław Południowomorawski 24,538
17%
Cieplice Ustecki 50,912
17%
Jablonec nad Nysą Liberecki 46,209
17%
Jiczyn Hradecki 16,101
17%
Děčín Ustecki 46,376
16%
Przerów Ołomuniecki 40,906
16%
Šumperk Ołomuniecki 24,735
16%
Kolín Środkowoczeski 33,444
15%
Chomutów Ustecki 46,771
14%
Karniów Morawsko-śląski 22,518
14%
Tábor Południowoczeski 34,356
14%
Hodonín Południowomorawski 23,517
13%
Kutná Hora Środkowoczeski 21,642
13%
Nowy Jiczyn Morawsko-śląski 23,005
13%
Orłowa Morawsko-śląski 27,54
13%
Prościejów Ołomuniecki 43,408
13%
Przybram Środkowoczeski 32,773
13%
Ústí nad Orlicí Pardubicki 14,011
13%
Znojmo Południowomorawski 34,172
13%
Bruntál Morawsko-śląski 15,037
11%
Česká Lípa Liberecki 36,815
11%
Písek Południowoczeski 31,121
11%
Turnov Liberecki 14,577
11%
Uherské Hradiště Zliński 24,887
11%
Litomierzyce Ustecki 22,767
10%
Kromieryż Południowomorawski 27,917
9%
Marianskie Łaźnie Karlowarski 14,052
9%
Mielník Środkowoczeski 20,278
9%
Nymburk Środkowoczeski 15,642
9%
Sokolov Karlowarski 22,007
9%
Benešov Środkowoczeski 17,043
8%
Chrudim Pardubicki 23,564
8%
Hranice Ołomuniecki 17,969
8%
Klatovy Pilzneński 22,763
8%
Svitavy Pardubicki 16,073
8%
Třebíč Wysoczyzna 34,53
8%
Vsetín Zliński 25,185
8%
Žatec Ustecki 18,959
8%
Blansko Południowomorawski 20,002
7%
Hlučín Morawsko-śląski 13,352
7%
Rakovník Środkowoczeski 15,682
7%
Strakonice Południowoczeski 22,355
7%
Varnsdorf Ustecki 14,704
7%
Vyškov Południowomorawski 20,645
7%
Beroun Środkowoczeski 21,521
6%
Česká Třebová Pardubicki 15,010
6%
Jindřichův Hradec Południowoczeski 20,54
6%
Kopřivnice Morawsko-śląski 21,374
6%
Louny Ustecki 18,068
6%
Otrokovice Zliński 17,401
6%
Pelhřimov Wysoczyzna 16,206
6%
Podiebrady Środkowoczeski 15,232
6%
Zábřeh Ołomuniecki 13,320
6%
Zdziar nad Sazawą Wysoczyzna 20,404
6%
Litvínov Ustecki 22,387
5%
Rožnov pod Radhoštěm Zliński 16,063
5%
Šternberk Ołomuniecki 13,239
5%
Valašské Meziříčí Zliński 22,58
5%
Brandýs nad Labem-Stará Boleslav Środkowoczeski 20,313
4%
Dvůr Králové nad Labem Hradecki 15,322
4%
Havlíčkův Brod Wysoczyzna 23,791
4%
Kralupy nad Vltavou Środkowoczeski 19,005
4%
Milovice Środkowoczeski 14,270
4%
Říčany Środkowoczeski 17,143
4%
Rokycany Pilzneński 14,381
4%
Slaný Środkowoczeski 16,937
4%
Tachov Pilzneński 14,097
4%
Bílina Ustecki 14,497
3%
Jirkov Ustecki 19,24
3%
Kadaň Ustecki 18,090
3%
Klášterec nad Ohří Ustecki 14,068
3%
Neratovice Środkowoczeski 16,937
3%
Ostrov Karlowarski 15,681
3%
Uherský Brod Zliński 16,367
3%
Nie znaleziono quizów pasujących do podanych kryteriów
Rozkład punktacji
Procent ludzi z każdym wynikiem
Percentyl według liczby udzielonych odpowiedzi
Twoja historia wyników
Nie rozwiązałeś tego quizu